Fictional Sports Teams - Statistics

General Stats
  • This quiz has been taken 33 times
  • The average score is 9 of 24
Answer Stats
Sport Movie Title Lineup Team Name % Correct
Space Jam
87%
The Mighty Ducks
73%
The Bad News Bears
67%
The Waterboy
67%
Baseball Coach Buttermaker, Rudy Stein, Mike Engleberg Bears
63%
Hockey Charlie Conway, Goldberg, Jesse Hall Ducks
60%
The Replacements
57%
Slap Shot
43%
Hockey Reggie Dunlop, Jack Hanson, Steve Hanson Charlestown Chiefs
40%
Bring It On
37%
Basketball Jackie Moon, Clarence Withers, Scootsie Doubleday Flint Tropics
37%
Semi-Pro
37%
The Little Giants
37%
Football Becky 'Icebox' O'Shea, Junior Floyd, Rashid Hanon Giants
30%
Basketball Bugs Bunny, Michael Jordan, Daffy Duck ToonSquad
27%
Football Bobby Boucher, Derek Wallace, Lyle Robideaux South Central Louisiana State University Mud Dogs
23%
Football Shane Falco, Nigel Gruff, Danny Bateman Washington Sentinels
23%
Kicking and Screaming
20%
Whip It
13%
Blue Chips
7%
Soccer Coach Ditka, Sam Weston, Massimo Tigers
7%
Roller Derby Babe Ruthless, Rosa Sparks, Bloody Holly Hurl Scouts
3%
Cheerleading Torrance Shipman, Missy Pantone, Cliff Pantone Rancho Carne High Toros
3%
Basketball Neon Boudeaux, Butch McRae, Ricky Roe Western University Dolphins
3%
No matching quizzes found
Score Distribution
Percent of People with Each Score
Percentile by Number Answered
Your Score History
You have not taken this quiz